| 000 | 00000nam##2200000za#4500 |
| 001 | 9.676025 |
| 003 | CaOODSP |
| 005 | 20210624225557 |
| 007 | cr ||||||||||| |
| 008 | 150407|2000||||xxc|||||o f|0| 0 eng|d |
| 040 | |aCaOODSP|beng |
| 041 | |aeng |
| 041 | |afre |
| 043 | |an-cn--- |
| 086 | 1 |aCS92-F0009/2000-PDF |
| 245 | 00|aInterim list of changes to municipal boundaries, status and names from January 2, 1999 to January 1, 2000 |h[electronic resource] |
| 260 | |aOttawa - Ontario : |bStatistics Canada |c2000. |
| 500 | |aHistorical census publication digitized by Statistics Canada. |
| 590 | |a13-04-Supp|b2013-02-13 |
| 690 | 07|aCensus|2gcpds |
| 690 | 07|aElectoral districts|2gcpds |
| 710 | 2 |aStatistics Canada. |
| 792 | |tListe intérimaire des changements de limites, de statut et de nom des municipalités du 2 janvier 1999 au 1er janvier 2000 |efre|w(CaOODSP)9.676026 |
| 856 | 40|ahttp://publications.gc.ca|qPDF|s9.8 MB|uhttps://publications.gc.ca/collections/collection_2013/statcan/rh-hc/CS92-F0009-2000.pdf |